|
|
|
|
| LEADER |
01906nam a2200445 i 4500 |
| 001 |
EBC3415252 |
| 003 |
MiAaPQ |
| 005 |
20200520144314.0 |
| 006 |
m o d | |
| 007 |
cr cnu|||||||| |
| 008 |
140709t20142014ne a ob 001 0 eng d |
| 020 |
|
|
|z 9789086862443
|
| 020 |
|
|
|a 9789086867967 (e-book)
|
| 035 |
|
|
|a (MiAaPQ)EBC3415252
|
| 035 |
|
|
|a (Au-PeEL)EBL3415252
|
| 035 |
|
|
|a (CaPaEBR)ebr10888089
|
| 035 |
|
|
|a (OCoLC)923507057
|
| 040 |
|
|
|a MiAaPQ
|b eng
|e rda
|e pn
|c MiAaPQ
|d MiAaPQ
|
| 050 |
|
4 |
|a QH465.A1
|b .M883 2014
|
| 082 |
0 |
|
|a 575.292
|2 23
|
| 245 |
0 |
0 |
|a Mutagenesis :
|b exploring genetic diversity of crops /
|c edited by N. B. Tomlekova, M. I. Kozgar, M. R. Wani.
|
| 264 |
|
1 |
|a Wageningen, Netherlands :
|b Wageningen Academic Publishers,
|c 2014.
|
| 264 |
|
4 |
|c 2014
|
| 300 |
|
|
|a 1 online resource (401 pages) :
|b illustrations
|
| 336 |
|
|
|a text
|2 rdacontent
|
| 337 |
|
|
|a computer
|2 rdamedia
|
| 338 |
|
|
|a online resource
|2 rdacarrier
|
| 504 |
|
|
|a Includes bibliographical references at the end of each chapters and index.
|
| 588 |
|
|
|a Description based on online resource; title from PDF title page (ebrary, viewed July 8, 2014).
|
| 590 |
|
|
|a Electronic reproduction. Ann Arbor, MI : ProQuest, 2015. Available via World Wide Web. Access may be limited to ProQuest affiliated libraries.
|
| 650 |
|
0 |
|a Mutagenesis
|v Popular works.
|
| 650 |
|
0 |
|a Mutagenesis
|x Methodology.
|
| 650 |
|
0 |
|a Molecular biology
|v Popular works.
|
| 655 |
|
4 |
|a Electronic books.
|
| 700 |
1 |
|
|a Tomlekova, N. B.,
|e editor.
|
| 700 |
1 |
|
|a Kozgar, M. I.,
|e editor.
|
| 700 |
1 |
|
|a Wani, M. R.,
|e editor.
|
| 776 |
0 |
8 |
|i Print version:
|t Mutagenesis : exploring genetic diversity of crops.
|d Wageningen, Netherlands : Wageningen Academic Publishers, c2014
|h 394 pages
|z 9789086862443
|
| 797 |
2 |
|
|a ProQuest (Firm)
|
| 856 |
4 |
0 |
|u https://ebookcentral.proquest.com/lib/matrademy/detail.action?docID=3415252
|z Click to View
|